[Event "It A"]
[Site "Paretana ESP"]
[Date "2000.01.02"]
[Round "5"]
[White "Skembris,S"]
[Black "Lopez Martinez,J"]
[Result "1-0"]
[WhiteElo "2477"]
[BlackElo "2378"]

1.d4 Nf6 2.c4 e6 3.Nf3 Bb4+ 4.Bd2 Qe7 5.g3 Nc6 6.Nc3 Bxc3 7.Bxc3 Ne4 8.Rc1 O-O
9.Bg2 d6 10.d5 Nxc3 11.Rxc3 Nb8 12.dxe6 fxe6 13.O-O e5 14.Qd5+ Kh8 15.c5 Nc6
16.cxd6 cxd6 17.Qd2 Bg4 18.Ng5 Nd4 19.f3 Bh5 20.g4 Bg6 21.Nh3 Qe6 22.e3 Nc6
23.Rb3 b6 24.f4 Qxg4 25.Nf2 Qd7 26.Rc3 Rac8 27.Rfc1 Nb8 28.Bh3 Bf5 29.Rxc8 Rxc8
30.Rxc8+ Qxc8 31.Bxf5 Qxf5 32.Qxd6 Nd7 33.fxe5 h6 34.e6 Nf6 35.Qd8+ Kh7 36.Qd3 Kg6
37.e4 Qe5 38.Qh3 h5 39.Kg2 Nh7 40.Qa3 Kf6 41.Qxa7 Qxe6 42.Qb8 Ng5 43.Qf4+ Kg6
44.b3 Nf7 45.h4 Qd7 46.a4 Qe7 47.b4 Nh6 48.Qg5+ Qxg5+ 49.hxg5 Nf7 50.Nh3 Ne5
51.a5 bxa5 52.bxa5 h4 53.a6 Nc6 54.Kf3 Kh5 55.Kf4 g6 56.Nf2 Nd4 57.a7 Ne6+
58.Kf3 Nc7 59.Nh3  1-0

[Event "It A"]
[Site "Paretana ESP"]
[Date "2000.01.05"]
[Round "8"]
[White "Moskalenko,V"]
[Black "Garcia Ilundain,D"]
[Result "1/2-1/2"]
[WhiteElo "2471"]
[BlackElo "2510"]

1.d4 Nf6 2.c4 e6 3.Nf3 Bb4+ 4.Bd2 a5 5.e3 d6 6.Nc3 Nc6 7.a3 Bxc3 8.Bxc3 Ne4
9.Qc2 Nxc3 10.Qxc3 O-O 11.Bd3 e5 12.dxe5 Nxe5 13.Nxe5 dxe5 14.O-O  1/2-1/2

[Event "Belgian Interteams 2000-1"]
[Site "BEL"]
[Date "2000.01.07"]
[Round "6"]
[White "Meessen,R"]
[Black "Van Uytven,E"]
[Result "1/2-1/2"]
[WhiteElo "2306"]
[BlackElo "2148"]

1.d4 Nf6 2.c4 e6 3.Nf3 Bb4+ 4.Bd2 Bxd2+ 5.Nbxd2 d6 6.e3 O-O 7.Qc2 Qe7 8.Bd3 e5
9.Ng5 h6 10.dxe5 dxe5 11.Nge4 Nbd7 12.O-O-O Nxe4 13.Nxe4 Nc5 14.Nxc5 Qxc5
15.Bh7+ Kh8 16.Rd5 Qc6 17.Be4 f5 18.Bd3 e4 19.Be2 Be6 20.Rd4 Qc5 21.Rhd1 a5
22.h3 b6 23.g4 Rae8 24.gxf5 Bxf5 25.Bh5 Re6 26.Rd5 Qe7 27.f4 Bxh3 28.Qf2 Bf5
29.Rd7 Qc5 30.Be2 Rd6 31.R7xd6 cxd6 32.Qg3  1/2-1/2

[Event "VII Anibal Open"]
[Site "Linares ESP"]
[Date "2000.01.07"]
[Round "1"]
[White "Kalantarian,N"]
[Black "Van Hoolandt,P"]
[Result "1-0"]
[WhiteElo "2437"]
[BlackElo "2050"]

1.d4 Nf6 2.c4 e6 3.Nf3 Bb4+ 4.Bd2 Qe7 5.g3 Nc6 6.Bg2 Bxd2+ 7.Nbxd2 d6 8.O-O O-O
9.e4 e5 10.d5 Nb8 11.b4 a5 12.a3 Na6 13.Ne1 Bg4 14.f3 Bd7 15.Nd3 b5 16.Qc2 c6
17.cxb5 cxb5 18.Nb3 Rfc8 19.Qd2 a4 20.Na5 Be8 21.Bh3 Qa7+ 22.Nf2 Rc7 23.Rfc1 Rd8
24.Rxc7 Nxc7 25.Rc1 h6 26.Nc6 Bxc6 27.Rxc6 Nce8 28.Qc3 Kf8 29.Bf1 Rb8 30.Kg2 Ng8
31.Qc1 Ne7 32.Rc2 f5 33.Bd3 Qd4 34.Qf1 Nf6 35.Qe2 Rb7 36.Bxb5 fxe4 37.fxe4 Nexd5
38.Rc8+ Ke7 39.Bc6 Ne3+ 40.Kf3 Ra7 41.Qxe3  1-0

[Event "VII Anibal Open"]
[Site "Linares ESP"]
[Date "2000.01.12"]
[Round "6"]
[White "Halkias,S"]
[Black "Maherramzade,J"]
[Result "1-0"]
[WhiteElo "2406"]
[BlackElo "2422"]

1.d4 Nf6 2.c4 e6 3.Nf3 Bb4+ 4.Bd2 Qe7 5.g3 Nc6 6.Nc3 O-O 7.Bg2 Bxc3 8.Bxc3 Ne4
9.Rc1 d6 10.d5 Nxc3 11.Rxc3 Nb8 12.Qc2 e5 13.O-O a5 14.a3 Na6 15.Rb1 Bg4
16.Nd2 f5 17.e3 g5 18.b4 Bh5 19.c5 Bg6 20.e4 f4 21.cxd6 cxd6 22.Bh3 axb4
23.axb4 Qf6 24.Be6+ Kh8 25.g4 Qd8 26.Nf3 Qb6 27.Kg2 Rae8 28.Rc4 Qd8 29.Bf5 Bf7
30.Qe2 Qf6 31.Rh1 Rg8 32.h4 gxh4 33.Rxh4 Bg6 34.Kh2 Bxf5 35.exf5 Qf7 36.b5 Nb8
37.Ra4  1-0

[Event "Israeli League"]
[Site "Ramat Aviv ISR"]
[Date "2000.01.21"]
[Round "2"]
[White "Gofshtein,L"]
[Black "Kosashvili,Y"]
[Result "1/2-1/2"]
[WhiteElo "2580"]
[BlackElo "2548"]

1.d4 Nf6 2.c4 e6 3.Nf3 Bb4+ 4.Bd2 c5 5.Bxb4 cxb4 6.g3 a5 7.a3 Na6 8.Bg2 d6
9.Nbd2 O-O 10.Nf1 Bd7 11.Ne3 b5 12.Nd2 Rb8 13.cxb5 Bxb5 14.a4 Bd7 15.Nec4 d5
16.Ne5 Qb6 17.Nb3 Rfc8 18.Qd3 Be8 19.O-O Rc7 20.Nd2 Rbc8 21.e4 dxe4 22.Nxe4 Nxe4
23.Qxe4 b3 24.Qe3 Nb4 25.Qxb3 Qxd4 26.Nf3 Qd3 27.Qd1 Rc2 28.b3 Rb2 29.Rb1 Rxb1
30.Qxd3 Nxd3 31.Rxb1 Rc2 32.Nd4 Rd2 33.Nf3 Ra2 34.Rd1 Nxf2 35.Rd2 Rxd2 36.Nxd2 Nd3
37.Nc4 Kf8 38.Nxa5 Ke7 39.Be4 Nc5 40.Bc2 Kd6 41.Kf2 Kd5 42.Ke2 Kd4 43.Nc4 Bxa4
44.bxa4 Kxc4 45.Bxh7 Kb4 46.Bg8 f6 47.Kf3 Kxa4 48.Kg4 Kb4 49.Bxe6 Nxe6 50.Kf5 Nf8
51.h4 Kc5 52.h5 Kd5 53.h6 gxh6 54.Kxf6 Ke4 55.Kg7  1/2-1/2

[Event "V Ubeda Open"]
[Site "Ubeda ESP"]
[Date "2000.01.22"]
[Round "4"]
[White "Maherramzade,J"]
[Black "Fernandez Romero,Ern"]
[Result "1-0"]
[WhiteElo "2423"]
[BlackElo "2285"]

1.d4 Nf6 2.Nf3 e6 3.c4 Bb4+ 4.Bd2 Qe7 5.g3 Nc6 6.Nc3 Bxc3 7.Bxc3 Ne4 8.Rc1 Nxc3
9.Rxc3 d6 10.d5 Nb8 11.dxe6 fxe6 12.Bg2 O-O 13.Nd4 c6 14.O-O e5 15.Nc2 Rf6
16.Qd2 Na6 17.b4 Nc7 18.Rd1 Bg4 19.b5 cxb5 20.cxb5 Be6 21.Ne3 Raf8 22.Rdc1 Ne8
23.Nd5 Bxd5 24.Qxd5+ Kh8 25.Qxb7 Qe6 26.Bd5 Qh3 27.Rf3 Rxf3 28.Bxf3 Nf6 29.Qe7 Re8
30.Qxd6 e4 31.Bg2 Qh5 32.e3 Qxb5 33.Qc5 Qb2 34.Qc2 Qa3 35.Rd1 h6 36.h3 Qb4
37.Kh2 Rf8 38.Rd4 Qe1 39.Qd2 Qb1 40.Rb4 Qa1 41.Rb7 a6 42.Ra7 Qe5 43.Rxa6 Rb8
44.Ra5 Qc7 45.Ra4 Qc6 46.Ra3 h5 47.Rb3 Ra8 48.Qb2 Kh7 49.a3 h4 50.Rb6 hxg3+
51.fxg3 Qd5 52.Qb4 Re8 53.Qb5 Qd3 54.Qg5 Qd7 55.Qb5 Qd3 56.Qf5+ Kh8 57.Rxf6 gxf6
58.Qh5+  1-0

[Event "Renome 2000"]
[Site "Bjeljina YUG"]
[Date "2000.01.27"]
[Round "2"]
[White "Genov,Peta"]
[Black "Sahovic,D"]
[Result "1/2-1/2"]
[WhiteElo "2413"]
[BlackElo "2412"]

1.d4 Nf6 2.c4 e6 3.Nf3 Bb4+ 4.Bd2 Bxd2+ 5.Qxd2 O-O 6.Nc3 d5 7.e3 Nbd7 8.Rd1 Qe7
9.Qc2 dxc4 10.Bxc4 c5 11.O-O Nb6 12.Be2 Bd7 13.Ne5 Rac8 14.Bf3 cxd4 15.Nxd7 Nfxd7
16.exd4 Nf6 17.Qb3 Qc7 18.d5  1/2-1/2

[Event "Renome 2000"]
[Site "Bjeljina YUG"]
[Date "2000.01.30"]
[Round "5"]
[White "Sahovic,D"]
[Black "Cabrilo,G"]
[Result "1/2-1/2"]
[WhiteElo "2412"]
[BlackElo "2483"]

1.d4 Nf6 2.c4 e6 3.Nf3 Bb4+ 4.Bd2 Qe7 5.Nc3 O-O 6.g3 d6 7.a3 Bxc3 8.Bxc3 Ne4
9.Qc2 Nxc3 10.Qxc3 Re8  1/2-1/2

[Event "5th HIT Open"]
[Site "Nova Gorica SLO"]
[Date "2000.02.01"]
[Round "1"]
[White "Marjanovic,Slavk"]
[Black "Nikolic,Stank"]
[Result "1-0"]
[WhiteElo "2035"]
[BlackElo "2099"]

1.d4 Nf6 2.c4 e6 3.Nf3 Bb4+ 4.Bd2 Bxd2+ 5.Qxd2 b6 6.g3 Bb7 7.Bg2 O-O 8.O-O Ne4
9.Qc2 d5 10.cxd5 exd5 11.Nc3 Nd7 12.Rac1 Nxc3 13.bxc3 Re8 14.Rfe1 Qe7 15.e3 c5
16.c4 dxc4 17.Ng5 Qxg5 18.Bxb7 Rad8 19.Qxc4 h5 20.h4 Qg6 21.Rcd1 cxd4 22.Rxd4 Ne5
23.Qb5 Rb8 24.Red1 Qe6 25.Bd5 Qg6 26.Rf4 Re7 27.Qb3 Rf8 28.Qa3 Rc7 29.Ra4 a5
30.Rad4 Rfc8 31.Be4 Qf6 32.Rd6 Nc4 33.Rxf6 Nxa3 34.Rxb6 Nc4 35.Rb5 a4 36.Rxh5 a3
37.Rhd5 g6 38.h5 gxh5 39.Rxh5 Nb2 40.Rdd5 Rc4 41.Rdg5+ Kf8 42.Rh8+ Ke7 43.Rxc8 Rxc8
44.Ra5 Rc1+ 45.Kg2 Rc3 46.Bd5 f6 47.Bb3  1-0

[Event "5th HIT Open"]
[Site "Nova Gorica SLO"]
[Date "2000.02.01"]
[Round "1"]
[White "Stantic,S"]
[Black "Atalik,S"]
[Result "1-0"]
[WhiteElo "2123"]
[BlackElo "2575"]

1.d4 Nf6 2.Nf3 e6 3.c4 Bb4+ 4.Bd2 c5 5.Nc3 cxd4 6.Nb5 Be7 7.Nbxd4 O-O 8.e3 d6
9.Be2 e5 10.Nb5 Nc6 11.O-O h6 12.Qb1 Be6 13.Bc3 a6 14.Na3 Qc8 15.c5 Bf5 16.Qc1 dxc5
17.Nxe5 b5 18.Nxc6 Qxc6 19.Nb1 Ne4 20.Be1 Rad8 21.Nd2 Ng5 22.h4 Ne6 23.Bf3 Qe8
24.Be4 Bxe4 25.Nxe4 f5 26.Nd2 Bxh4 27.Qc2 f4 28.Nf3 fxe3 29.fxe3 Bf6 30.Ba5 Rd5
31.Rad1 Rxd1 32.Rxd1 Ng5 33.Qxc5 Nxf3+ 34.gxf3 Qg6+ 35.Kf1 Bxb2 36.Kf2 Bf6
37.Qd5+ Kh8 38.f4 Bh4+ 39.Ke2 Rd8 40.Bxd8 Bg3 41.Ba5 Bh4 42.Bc3 Qg4+ 43.Kd2 Bf2
44.Qe5 Qg2 45.Kc1 Bh4 46.Rd2 Qg1+ 47.Kc2 Qg6+ 48.f5 Qf7 49.Qe6 Qxe6 50.fxe6 Kg8
51.Rd7 g5 52.Rg7+ Kf8 53.e7+ Ke8 54.Bf6  1-0

[Event "Goodricke Open"]
[Site "Calcutta IND"]
[Date "2000.02.06"]
[Round "1"]
[White "Imocha,L"]
[Black "Tiwari,Ar"]
[Result "1-0"]
[WhiteElo "2210"]
[BlackElo "2318"]

1.d4 Nf6 2.c4 e6 3.Nf3 Bb4+ 4.Bd2 Bxd2+ 5.Qxd2 b6 6.g3 Bb7 7.Bg2 O-O 8.Nc3 d6
9.O-O Nbd7 10.Rad1 Qe7 11.Rfe1 Rad8 12.e4 e5 13.Nd5 Nxd5 14.exd5 Rde8 15.Re2 f5
16.dxe5 Nxe5 17.Nd4 Qf6 18.b3 f4 19.gxf4 Qxf4 20.Qxf4 Rxf4 21.Ne6 Rf7 22.f4 Ng6
23.Rf1 Bc8 24.f5 Ne5 25.Be4 Bxe6 26.fxe6 Rxf1+ 27.Kxf1 Rf8+ 28.Kg2 Rf4 29.Bxh7+ Kf8
30.Be4 Ke7 31.h3 c6 32.dxc6 Kxe6 33.Bf3 Ke7 34.Bd5 Kd8 35.Kg3 Rf8 36.b4 a6
37.a4 Rf1 38.b5 a5 39.c5 Rd1 40.Bg2 bxc5 41.b6 Kc8 42.Rb2 Rd3+ 43.Kf2 Rf3+
44.Bxf3 Nd3+ 45.Kg3 Nxb2 46.Bg4+  1-0

[Event "Petroff Mem Open"]
[Site "St Petersburg RUS"]
[Date "2000.02.07"]
[Round "1"]
[White "Rashkovsky,N"]
[Black "Eliseev,A"]
[Result "1/2-1/2"]
[WhiteElo "2523"]
[BlackElo "2325"]

1.d4 e6 2.Nf3 Nf6 3.c4 Bb4+ 4.Bd2 Qe7 5.g3 O-O 6.Bg2 Bxd2+ 7.Qxd2 d6 8.O-O e5
9.Nc3 Re8 10.e4 Bg4 11.Nh4 Nc6 12.d5 Nd4 13.f4 Bd7 14.fxe5 dxe5 15.h3 b6
16.Kh2 Rad8 17.Rf2 Rf8 18.Re1 g6 19.b4 Ne8 20.a3 a5 21.Ne2 Nxe2 22.Rfxe2 axb4
23.axb4 c5 24.Nf3 Nd6 25.bxc5 bxc5 26.Qc3 f6 27.Rb2 Ra8 28.Nd2 Ra4 29.Reb1 Kg7
30.Rb8 Rxb8 31.Rxb8 Ra2 32.Rb2 Rxb2 33.Qxb2 Qd8 34.Qa3 Qb6 35.Bf1 Kf7 36.Bd3 Ke7
37.h4 Nb7 38.Kg2 Qb4 39.Qc1 Nd6 40.Kf2 Kd8 41.Ke3 Nb7 42.Qb1 Qxb1 43.Bxb1 Kc7
44.Bc2 Kb6 45.Kd3 Ka5 46.Kc3 Nd6 47.Bd1 h5 48.Nb3+ Kb6 49.Nd2 Kc7 50.Kd3 Bh3
51.Bf3 Kb6 52.Kc3 Ka6 53.Nb3 Nb7 54.Nd2 Ka5 55.Nb3+ Kb6 56.Nd2 Nd6 57.Kd3 Kc7
58.Kc3 Kd8 59.Kd3 Ke7 60.Ke3 Kf7 61.Bd1 Bd7 62.Kd3 Kg7 63.Kc3 Kh6 64.Be2 Kg7
65.Kd3 Kf7 66.Kc3 Ke7 67.Kd3 Nf7 68.Nb3 Kd6 69.Na5 Kc7 70.Nb3 Kb6 71.Nd2 Nh6
72.Kc3 Ba4 73.Nf1 Kc7 74.Ne3 Bd7 75.Nf1 Kd6 76.Nd2 Be8 77.Kd3 Ba4 78.Kc3 Bd7
79.Kd3 Be8 80.Kc3 f5 81.Nf3 Bd7 82.Kd2 Nf7 83.Ke3 Ke7 84.exf5 Bxf5 85.Nd2 Nd6
86.Nb3 Nb7 87.Bd3 Kf6 88.Be4 Bxe4 89.Kxe4 Nd6+ 90.Kf3 Kf5 91.Nxc5 e4+ 92.Ke3 Nxc4+
93.Kd4 Nd6 94.Nd7 Kg4 95.Ne5+ Kxg3 96.Nxg6 Kf3 97.Ne5+ Kf4 98.Ng6+ Kf5 99.Ne7+ Kg4
100.Ng6 Kf3 101.Ne5+ Kf4 102.Ng6+ Kg3 103.Ke3 Kg4 104.Kd4 Kf3 105.Ne5+ Kg3
106.Ng6 Kf3 107.Ne5+ Kf2 108.Kc5 Ne8 109.d6 Nf6 110.d7 Nxd7+ 111.Nxd7 e3
112.Ne5 e2 113.Nd3+ Kg3  1/2-1/2

[Event "FSGM February"]
[Site "Budapest HUN"]
[Date "2000.02.09"]
[Round "5"]
[White "Li Wenliang"]
[Black "Hoang Thanh Trang"]
[Result "1-0"]
[WhiteElo "2444"]
[BlackElo "2448"]

1.d4 e6 2.c4 Nf6 3.Nf3 Bb4+ 4.Bd2 c5 5.Bxb4 cxb4 6.g3 O-O 7.Bg2 d6 8.O-O Re8
9.Qb3 a5 10.a3 Na6 11.Rd1 Qe7 12.Nbd2 e5 13.Nf1 bxa3 14.bxa3 exd4 15.Nxd4 Nc5
16.Qe3 Qf8 17.Qf4 Bd7 18.Ne3 Rad8 19.Nef5 Nfe4 20.h4 Ba4 21.Rdc1 Kh8 22.Ne3 Qe7
23.Rab1 Qe5 24.Nf3 Qxf4 25.gxf4 h6 26.Nd4 g6 27.Rb6 Kg7 28.Nd5 Rd7 29.Bh3 Ne6
30.Nb5 f5 31.e3 Bxb5 32.Rxb5 a4 33.Rb4 N6c5 34.Rc2 Nd3 35.Rb1 Red8 36.Bf1 Ndc5
37.Rb4 Rf7 38.Nb6 Kf6 39.Kg2 Na6 40.Nd5+ Ke6 41.Rxa4 Rg8 42.f3 Nec5 43.Ra5 g5
44.fxg5 hxg5 45.hxg5 Rxg5+ 46.Kf2 Rh7 47.Nf4+ Kd7 48.Rb5 Kc6 49.Rd2 Rh2+
50.Bg2 Nb8 51.Kg1 Rh4 52.Rb1 Nbd7 53.Rbd1 Rh6 54.Ne2 Rhg6 55.Nf4 Rh6 56.Ne2 Rhg6
57.Nd4+ Kb6 58.Rb1+ Ka6 59.Rb4 Nb6 60.Kf1 Nd3 61.Rxd3 Rxg2 62.Ne2 Rh2 63.Rdb3 d5
64.cxd5 Ka7 65.Nf4 Rgh6 66.Rb2 Rh1+ 67.Kf2 Rc1 68.Rb1 Rc7 69.Ke2 Rh2+ 70.Kd3 Nd7
71.e4 Ne5+ 72.Ke3 fxe4 73.Kxe4 Nc4 74.Ne6 Nd2+ 75.Kd3 Rd7 76.Ra4+ Kb8 77.Rb5 Nxf3
78.Rba5 Ne5+ 79.Ke3 b5 80.Ra8+ Kb7 81.R4a7+ Kb6 82.Ra6+ Kb7 83.Nc5+ Kc7 84.R8a7+ Kd8
85.Nxd7 Nxd7 86.Rd6 Rh7 87.Kd4  1-0

[Event "It"]
[Site "Ptuj SLO"]
[Date "2000.02.13"]
[Round "4"]
[White "Zheliandinov,V"]
[Black "Krumpacnik,D"]
[Result "1/2-1/2"]
[WhiteElo "2411"]
[BlackElo "2384"]

1.d4 Nf6 2.c4 e6 3.Nf3 Bb4+ 4.Bd2 Qe7 5.g3 O-O 6.Bg2 Bxd2+ 7.Nbxd2 d6 8.O-O e5
9.e4 Bg4 10.d5 Nbd7 11.Qc2 Bxf3 12.Nxf3 a5 13.Nh4 g6 14.Rae1 Nh5 15.Bh3 Nc5
16.b3 Qg5 17.Ng2 Nf6 18.Nh4 Nh5  1/2-1/2

[Event "8th Valle d'Aosta Open"]
[Site "Saint Vincent ITA"]
[Date "2000.02.15"]
[Round "4"]
[White "Lipinsky,F"]
[Black "Zelcic,R"]
[Result "0-1"]
[WhiteElo "2313"]
[BlackElo "2529"]

1.d4 Nf6 2.c4 e6 3.Nf3 Bb4+ 4.Bd2 Qe7 5.g3 Nc6 6.Nc3 d6 7.d5 exd5 8.cxd5 Ne5
9.Nxe5 dxe5 10.Bg2 O-O 11.O-O a6 12.Rc1 Bd6 13.Bg5 h6 14.Bxf6 Qxf6 15.Ne4 Qe7
16.Nxd6 cxd6 17.e4 f5 18.Rc3 fxe4 19.Qe2 Bf5 20.Bxe4 Bxe4 21.Qxe4 Rf7 22.Rfc1 Raf8
23.R1c2 Qd7 24.Kg2 a5 25.Qc4 b5 26.Qe4 b4 27.Re3 Qa7 28.f3 Rf5 29.Rd3 Qd7
30.Rc6 R5f6 31.Re3 Qe8 32.Rd3 Qf7 33.Re3 h5 34.h4 Rg6 35.Kh2 Rg4 36.Qc2 Rxh4+
37.Kg2 Rd4 38.Rxd6 e4 39.f4 Qf5 40.b3 h4 41.Qf2 hxg3 42.Rxg3 e3 43.Qxe3 Re4
44.Qd3 Qxf4 45.Re6 Qf2+ 46.Kh3 Qf5+ 47.Kg2 Rxe6 48.dxe6 Qxe6 49.Rg6 Qf7 50.Qc4 Rd8
51.a3 Rd2+ 52.Kg3 Qxc4 53.bxc4 Rd3+ 54.Kf4 Rxa3 55.Ke5 Ra1 56.Rb6 a4 57.Rxb4 a3
58.Rb8+ Kh7  0-1

[Event "ch-Serbia"]
[Site "Kragujevac YUG"]
[Date "2000.02.21"]
[Round "3"]
[White "Bodiroga,P"]
[Black "Brkljaca,A"]
[Result "1/2-1/2"]
[WhiteElo "2439"]
[BlackElo "2353"]

1.d4 Nf6 2.c4 e6 3.Nf3 Bb4+ 4.Bd2 c5 5.Bxb4 cxb4 6.g3 b6 7.Bg2 Bb7 8.O-O O-O
9.a3 bxa3 10.Rxa3 d6 11.Nc3 Qe7 12.Re1 Rc8 13.Nd2 Bxg2 14.Kxg2 Nc6 15.e3 e5
16.d5 Nb4 17.Na2 Nxa2 18.Rxa2 b5 19.b3 bxc4 20.Nxc4 e4 21.Ra6 Rc5 22.Rxd6 Rxc4
23.Rxf6 Rc3 24.Rc6 Rd3 25.Qg4 Rxd5 26.Rec1 h5  1/2-1/2

[Event "Open"]
[Site "Cannes FRA"]
[Date "2000.02.25"]
[Round "6"]
[White "Kinsman,A"]
[Black "Richardson,J"]
[Result "1-0"]
[WhiteElo "2399"]
[BlackElo "2331"]

1.d4 Nf6 2.c4 e6 3.Nf3 Bb4+ 4.Bd2 c5 5.Bxb4 cxb4 6.g3 O-O 7.Bg2 Qc7 8.Nbd2 d6
9.O-O Nbd7 10.Qb3 a5 11.a3 bxa3 12.Qxa3 b6 13.Ng5 Rb8 14.Rfc1 Bb7 15.Bxb7 Rxb7
16.Nge4 Ne8 17.b4 axb4 18.Qxb4 Qc6 19.Nc3 Ndf6 20.Nb5 d5 21.Ra8 Rd7 22.Rca1 Nd6
23.Rxf8+ Kxf8 24.Nxd6 Qxd6 25.Ra8+ Ne8 26.c5 bxc5 27.dxc5 Qc6 28.Rb8 Ra7
29.Nb3 Ra4 30.Qb6 Qxb6 31.cxb6 Rb4 32.Na5 Rb1+ 33.Kg2 Ke7 34.b7 Nd6 35.Ra8 Nxb7
36.Ra7 Ra1 37.Rxb7+ Kd6 38.Nb3 Rb1 39.Kf3 h5 40.h4 f6 41.Nc5  1-0

[Event "ch-YUG (women) qualifier"]
[Site "Kragujevac YUG"]
[Date "2000.02.27"]
[Round "9"]
[White "Stoisavljevic,S"]
[Black "Zivkovic,Ves"]
[Result "1-0"]
[WhiteElo "2088"]
[BlackElo "2192"]

1.d4 Nf6 2.Nf3 e6 3.c4 Bb4+ 4.Bd2 a5 5.Nc3 O-O 6.e3 b6 7.Bd3 Bb7 8.Qc2 d6
9.O-O Nbd7 10.e4 e5 11.Nd5 Bxd2 12.Qxd2 c5 13.dxe5 dxe5 14.Rfe1 Re8 15.Bc2 g6
16.Ba4 Nxd5 17.exd5 f6 18.Qc3 Rf8 19.a3 Qc7 20.Nd2 Rad8 21.Ne4 Rf7 22.Qb3 Ba6
23.Bxd7 Rdxd7 24.Rac1 Qd8 25.Qg3 Bc8 26.f4 exf4 27.Qxf4 g5 28.Qg3 Rg7 29.Nxf6+ Qxf6
30.Re8+ Kf7 31.Rxc8 Qd4+ 32.Kh1 Rg6 33.Qb8 Kg7 34.Rg8+ Kh6 35.Rxg6+ hxg6
36.Qxb6 Rf7 37.Qb3 Rf2 38.Qh3+ Kg7 39.Qc3 Rxb2 40.Qxd4+ cxd4 41.d6 Kf7 42.Kg1 Rb3
43.Rd1 d3 44.d7 d2 45.d8=N+ Kf6 46.Rxd2 Rxa3 47.Re2 Rc3 48.Rf2+ Kg7 49.Ne6+ Kh6
50.Rf8 Kh5 51.c5 a4 52.h3 Kh4 53.Kh2  1-0

[Event "Oz.com qualifier blitz"]
[Site "Internet ICC"]
[Date "2000.03.05"]
[Round "1"]
[White "Schwartz,Y"]
[Black "Steel,D USA"]
[Result "1-0"]
[WhiteElo "2311"]
[BlackElo "2044"]

1.d4 e6 2.c4 Nf6 3.Nf3 Bb4+ 4.Bd2 Qe7 5.g3 Ne4 6.Bg2 O-O 7.O-O Bxd2 8.Nbxd2 f5
9.Qc2 Nxd2 10.Nxd2 d6 11.e4 fxe4 12.Bxe4 Nd7 13.Bxh7+ Kh8 14.Be4 Rf6 15.Bg2 Rh6
16.Nf3 e5 17.Rfe1 Qf7 18.dxe5 Nxe5 19.Nxe5 dxe5 20.Rxe5 Bh3 21.Bxh3 Rxh3
22.Qf5 Qxf5 23.Rxf5 Rd8 24.Rd5 Re8 25.Rad1 Rh6 26.Rd8 Rxd8 27.Rxd8+ Kh7 28.Rd7 Rc6
29.b3 Kh6 30.Rd5 g5 31.Kg2 Re6 32.Rd7 Rc6 33.Kh3 Kh5 34.Rh7+ Kg6 35.Re7 Kh5
36.Re5 Kh6 37.Kg4 Rg6 38.Kf5 Kh5 39.g4+ Kh4 40.Kxg6  1-0

[Event "Oz.com qualifier blitz"]
[Site "Internet ICC"]
[Date "2000.03.05"]
[Round "4"]
[White "Olcayoz,A"]
[Black "Green,G"]
[Result "1/2-1/2"]
[WhiteElo "2339"]
[BlackElo "2172"]

1.d4 e6 2.Nf3 Nf6 3.c4 Bb4+ 4.Bd2 c5 5.Bxb4 cxb4 6.g3 O-O 7.Bg2 d6 8.O-O Qe7
9.Nbd2 e5 10.c5 e4 11.cxd6 Qxd6 12.Nc4 Qd5 13.Nfe5 Nbd7 14.Ne3 Qb5 15.N5c4 Nb6
16.Nd6 Qd7 17.Nxe4 Nxe4 18.Bxe4 Rd8 19.d5 Qe7 20.Qd3 h6 21.Rfd1 Qe5 22.b3 Bh3
23.Rac1 Nd7 24.Bf5 Bxf5 25.Qxf5 Qb2 26.Rc2 Qa3 27.Nc4 Qa6 28.e4 Nf6 29.Rcd2 Qb5
30.e5 Ne8 31.Qe4 Rac8 32.h4 Qd7 33.e6 fxe6 34.dxe6 Qe7 35.Qe5 Rxd2 36.Rxd2 Nf6
37.Re2 Rc6 38.Qb8+ Kh7 39.Qxa7 Rxe6 40.Rxe6 Qxe6 41.Qxb7 Qe1+ 42.Kg2 Ne4
43.Qb6 Qe2 44.Qe3 Qxe3 45.Nxe3 Nc3 46.f4 Nxa2 47.Nc2 h5 48.Kf3 Kg6 49.g4 hxg4+
50.Kxg4 Nc1 51.Nd4 Nd3 52.h5+ Kf6 53.Kf3 Nc5 54.Ke3 Kf7 55.Kf3 Kg8 56.Kg4 Kh7
57.Kg5 Ne4+ 58.Kf5 Ng3+ 59.Ke5 Nxh5 60.Nc2 Nf6 61.Nxb4 Nd7+ 62.Kd4 Kg6 63.Nd5 Kf5
64.b4 g5 65.fxg5 Kxg5 66.Nc3 Kf6 67.Kd5 Ke7 68.b5 Kd8 69.Kc6 Kc8 70.Nd5 Ne5+
71.Kd6 Nc4+ 72.Kc5 Ne5 73.Ne7+ Kb7 74.Nf5 Nd7+ 75.Kb4 Nf6 76.Nd6+ Kc7 77.Nc4 Kb7
78.Ka5 Nd7 79.Nd6+ Kc7 80.Nf7 Kb7 81.Nd8+ Kc7 82.Ne6+ Kb7 83.Kb4 Kb6 84.Nf4 Kb7
85.Nd5 Nb6 86.Ne7 Nd7 87.Ka5 Nb6 88.Nc6 Nd7 89.Kb4 Kb6 90.Na5 Kc7 91.Nc4 Kb7
92.Ka5 Ka7 93.Nd6 Nb6 94.Kb4 Nd7 95.Kc4 Kb6 96.Kb4 Ka7 97.Nc4 Nb6 98.Na5 Nd7
99.Kc4 Kb6 100.Kb4 Ka7 101.Nc4 Kb7 102.Ne3 Kb6 103.Nd5+ Kb7 104.Nc3 Kb6 105.Na4+ Ka7
106.Ka5 Kb7 107.Nb2 Nb6 108.Nd3 Nc4+ 109.Kb4 Nb6 110.Ne5 Kc7 111.Ka5 Kb7
112.Nf7 Nc4+ 113.Kb4 Nb6 114.Nd6+ Kc7 115.Ka5 Nd7 116.Ne8+ Kb7 117.Nd6+ Ka7
118.Nc4 Kb7 119.Nd6+ Ka7 120.Nc4 Kb7 121.Kb4  1/2-1/2

[Event "Oz.com qualifier blitz"]
[Site "Internet ICC"]
[Date "2000.03.05"]
[Round "6"]
[White "Montero Martinez,C"]
[Black "Macieja,B"]
[Result "1/2-1/2"]
[WhiteElo "2240"]
[BlackElo "2538"]

1.d4 Nf6 2.c4 e6 3.Nf3 Bb4+ 4.Bd2 Qe7 5.g3 Nc6 6.Bg2 Bxd2+ 7.Nbxd2 d6 8.O-O a5
9.e4 e5 10.d5 Nb8 11.Rb1 O-O 12.Qc2 Bd7 13.Ne1 Na6 14.Nd3 c6 15.Rfc1 Rfc8
16.Qd1 Nb4 17.Qb3 c5 18.Nxb4 axb4 19.Ra1 Ra4 20.Nf1 Rca8 21.Ne3 Qd8 22.Nc2 b5
23.f3 bxc4 24.Qxc4 Qa5 25.Bf1 Qb6 26.Qb3 Kf8 27.Bc4 Bb5 28.Ne3 Ne8 29.Bxb5 Qxb5
30.Nc4 Ke7 31.Kf2 f6 32.h4 Nc7 33.h5 Qa6 34.a3 Nb5 35.Ne3 Nd4 36.Nf5+ Nxf5
37.exf5 bxa3 38.Rxa3 Rxa3 39.bxa3 Qxa3 40.Qb7+ Kf8 41.Kg2 Qa6 42.Qd7 Qe2+
43.Kh3 Qxf3 44.Qxd6+ Kg8 45.Qe6+ Kh8 46.Ra1 Qxh5+ 47.Kg2 Re8 48.d6 Rxe6 49.fxe6 Qe2+
50.Kh3 Qh5+ 51.Kg2 Qe2+ 52.Kh3 Qh5+ 53.Kg2 Qe2+ 54.Kh3 Qh5+ 55.Kg2 Qe2+ 56.Kh3  1/2-1/2

[Event "FSIMA March"]
[Site "Budapest HUN"]
[Date "2000.03.09"]
[Round "4"]
[White "Zimmerman,Y"]
[Black "Jakab,A"]
[Result "1-0"]
[WhiteElo "2397"]
[BlackElo "2354"]

1.d4 Nf6 2.c4 e6 3.Nf3 Bb4+ 4.Bd2 Qe7 5.g3 Nc6 6.Nc3 Bxc3 7.Bxc3 Ne4 8.Rc1 d6
9.Bg2 O-O 10.d5 Nxc3 11.Rxc3 Nd8 12.O-O e5 13.Nd2 f5 14.c5 Nf7 15.cxd6 cxd6
16.f4 b5 17.e3 a5 18.Qc2 exf4 19.exf4 Ba6 20.Nf3 Rac8 21.Rxc8 Rxc8 22.Qd2 Nh6
23.Nd4 b4 24.Re1 Qa7 25.Kh1 Rc4 26.Qe3 Kh8 27.Qe8+ Ng8 28.Nxf5 Qf2 29.Nxd6 Rc7
30.Qxg8+ Kxg8 31.Re8+  1-0

[Event "FSIMB March"]
[Site "Budapest HUN"]
[Date "2000.03.13"]
[Round "8"]
[White "Rat,D"]
[Black "Orso,M"]
[Result "0-1"]
[WhiteElo "2366"]
[BlackElo "2341"]

1.d4 Nf6 2.c4 e6 3.Nf3 Bb4+ 4.Bd2 c5 5.Bxb4 cxb4 6.g3 b6 7.Bg2 Bb7 8.O-O Qc7
9.Qb3 a5 10.a3 Na6 11.Nbd2 O-O 12.Qd3 d6 13.Rfc1 Rad8 14.Ne1 Bxg2 15.Kxg2 Qb7+
16.Kg1 d5 17.Nc2 dxc4 18.Nxc4 a4 19.axb4 b5 20.N4a3 Rb8 21.b3 Rfd8 22.Rab1 axb3
23.Rxb3 e5 24.Rd1 Nc7 25.Qf5 h5 26.Rbd3 e4 27.Rc3 Ne6 28.h4 Rd5 29.Qh3 Rbd8
30.e3 Qd7 31.Kg2 Ng4 32.Na1 Rf5 33.Rd2 Qe7 34.Qh1 g5 35.hxg5 Qxg5 36.Nb3 Rf3
37.Qh4 Nf4+ 38.Kg1 Qxh4 39.gxh4 Nh3+ 40.Kg2 Rd6 41.Nc5 f5 42.Kf1 Rg6 43.Ke1 Nxe3  0-1

[Event "55th ch-YUG"]
[Site "Subotica YUG"]
[Date "2000.03.17"]
[Round "2"]
[White "Ilincic,Z"]
[Black "Drasko,M"]
[Result "1/2-1/2"]
[WhiteElo "2554"]
[BlackElo "2520"]

1.d4 e6 2.c4 Nf6 3.Nf3 Bb4+ 4.Bd2 c5 5.Bxb4 cxb4 6.Qd3 d6 7.e4 O-O 8.Nbd2 Nfd7
9.Be2 e5 10.Nf1 Nc6 11.Ng3 Nf6 12.d5 Ne7 13.c5 Ng6 14.Qc4 Qa5 15.cxd6 Ne8
16.O-O Nxd6 17.Qb3 Bd7 18.Rfc1 Rfc8 19.Nd2 Rc5 20.Rxc5 Qxc5 21.Qe3 Qxe3 22.fxe3 Rc8
23.Bd3 Bb5 24.Bxb5 Nxb5 25.Nf5 Kf8 26.a4 bxa3 27.bxa3 Ne7 28.a4 Nxf5 29.axb5 Nd6
30.Rxa7 Rc5 31.Kf2 Rxb5 32.Ke2 h5 33.h3 Rc5 34.g4 hxg4 35.hxg4 Rc3 36.g5 Ke8
37.Ra8+ Ke7 38.Ra7 Ke8 39.Ra8+ Ke7 40.Ra7 Kd8 41.Ra8+ Ke7 42.Ra7  1/2-1/2

[Event "Dos Hermanas Qualifier"]
[Site "Internet ICC"]
[Date "2000.03.18"]
[Round "1.1"]
[White "Tyomkin,D"]
[Black "Hernando Rodrigo,Ju"]
[Result "1-0"]
[WhiteElo "2516"]
[BlackElo "2364"]

1.d4 Nf6 2.c4 e6 3.Nf3 Bb4+ 4.Bd2 a5 5.g3 d6 6.Bg2 Nbd7 7.O-O e5 8.Nc3 exd4
9.Nxd4 O-O 10.Qc2 Re8 11.Rad1 Nc5 12.b3 h5 13.h3 Bd7 14.Rfe1 Qc8 15.Kh2 Bxc3
16.Bxc3 Nce4 17.e3 Nxc3 18.Qxc3 c6 19.Qc2 Qc7 20.Kg1 Qb6 21.Ne2 Qc5 22.Qd3 d5
23.cxd5 cxd5 24.Nf4 Be6 25.Qd4 Qa3 26.Re2 Rac8 27.Kh2 Rc6 28.Bf3 Rc1 29.Nxh5 Nxh5
30.Bxh5 Rxd1 31.Qxd1 a4 32.bxa4 Ra8 33.Qb3 Qxa4 34.Qxb7 Rf8 35.Bf3 d4 36.Qe4 Rd8
37.Rd2 Bxa2 38.Rxd4 Rxd4 39.exd4 Qa7 40.Kg2 Bc4 41.d5 Bb5 42.Qe5 Qc5 43.Be4 g6
44.Bf3 Qc4 45.Kh2 Qc5 46.Qe3 Qd6 47.h4 Bd7 48.Kg2 Bf5 49.Qg5 Qe5 50.g4 f6
51.Qe3 Qxe3 52.fxe3 Bd7 53.Kg3 g5 54.hxg5 fxg5 55.e4 Kf7 56.e5 Ke7 57.Kf2 Bb5
58.Ke3 Ba6 59.Kd4 Bf1 60.Kc5 Be2 61.Bxe2 Kd7 62.Bd3 Kc7 63.Bf5 Kb7 64.d6 Kb8
65.e6 Kb7 66.d7 Kc7 67.e7 Kb7 68.d8=Q Ka7 69.Qb6+ Ka8 70.Be4+  1-0

[Event "55th ch-YUG"]
[Site "Subotica YUG"]
[Date "2000.03.18"]
[Round "3"]
[White "Antic,D"]
[Black "Pavlovic,Mi"]
[Result "1/2-1/2"]
[WhiteElo "2491"]
[BlackElo "2481"]

1.d4 Nf6 2.c4 e6 3.Nf3 Bb4+ 4.Bd2 Bxd2+ 5.Qxd2 O-O 6.g3 d5 7.Bg2 c6 8.O-O Nbd7
9.Na3 Qe7 10.Rac1 Rd8 11.Rfd1 Nf8 12.Ne5  1/2-1/2